000 00565nam a22002057a 4500
003 KOHA_MİRAKIL
005 20260330092419.0
008 260330b tu ||||| |||| 00| 0 tur d
020 _a9789754293500
040 _aTR-AnABB
_btur
_cTR-AnABB
041 _atur
082 _a307.12
_bGUN 2016
100 1 _aGünay, Baykan
245 1 0 _aŞehircilik yazıları /
_cBaykan Günay
260 _aAnkara :
_bODTÜ,
_c2016
300 _a405 sayfa ;
_c20 cm
650 0 4 _aŞehir planlama
650 0 4 _aŞehir planlama, Ankara
942 _2ddc
_cBK
999 _c10060
_d10060
900 _bCan ÇELIK